[Event "Europa ch Femenino 2013"]
[Site "Belgrado SER"]
[Date "2013.07.27"]
[Round "5.40"]
[White "Melamed, Tatjana"]
[Black "Belenkaya, Dina"]
[Result "1/2-1/2"]
[WhiteElo "2384"]
[BlackElo "2191"]
[PlyCount "96"]
[EventDate "2013.07.23"]
[EventType "swiss"]
[EventRounds "11"]
[EventCountry "SER"]
[Source "lmi"]
[SourceDate "2013.07.22"]

1. e4 c6 2. c4 d5 3. exd5 cxd5 4. cxd5 Nf6 5. Nc3 g6 6. Bc4 Bg7 7. Nf3 O-O 8.
O-O a6 9. a4 b6 10. d4 Bb7 11. Qb3 Nbd7 12. Bf4 Ne8 13. Rfe1 Ndf6 14. Ne5 Rc8
15. Rad1 Qc7 16. Be2 Nd6 17. Bf3 Nh5 18. Bxh5 gxh5 19. Rc1 Qd8 20. Qd1 b5 21.
Qxh5 b4 22. Re3 Nc4 23. Bh6 Bxh6 24. Qxh6 Qd6 25. Qxd6 Nxd6 26. Ne2 Bxd5 27.
Rc5 Bb7 28. h3 Ne4 29. Rxc8 Rxc8 30. f3 Nf6 31. Nf4 a5 32. Ned3 e6 33. Nc5 Bc6
34. Kf2 Kf8 35. Re5 Nd7 36. Rh5 Nf6 37. Rg5 Be8 38. Nfd3 Rd8 39. Re5 Ke7 40.
Nc1 Rxd4 41. N1b3 Rc4 42. Re2 Nd5 43. Rd2 Nb6 44. Nd3 Bxa4 45. Nxa5 Rd4 46. b3
Rd5 47. bxa4 Rxa5 48. Nxb4 Rxa4 1/2-1/2

[Event "Europa ch Femenino 2013"]
[Site "Belgrado SER"]
[Date "2013.07.27"]
[Round "5.41"]
[White "Petrukhina, Irina"]
[Black "Shadrina, Tatiana"]
[Result "0-1"]
[WhiteElo "2190"]
[BlackElo "2377"]
[PlyCount "78"]
[EventDate "2013.07.23"]
[EventType "swiss"]
[EventRounds "11"]
[EventCountry "SER"]
[Source "lmi"]
[SourceDate "2013.07.22"]

1. d4 Nf6 2. c4 e6 3. g3 d5 4. Nf3 c6 5. Bg2 Bb4+ 6. Bd2 Be7 7. O-O O-O 8. Qc2
b6 9. Rd1 Nbd7 10. Bf4 Bb7 11. Nc3 dxc4 12. Nd2 Nd5 13. Nxc4 Nxf4 14. gxf4 Qc7
15. e3 Nf6 16. Ne4 Nd5 17. Rac1 Rac8 18. Ne5 f6 19. Nd3 Rfe8 20. a3 a5 21. Qe2
Bf8 22. Ng3 Qf7 23. Kh1 Ba6 24. Be4 c5 25. dxc5 Bxc5 26. Qf3 f5 27. Nxf5 Nf6
28. Nxc5 exf5 29. Bd5 Nxd5 30. Nxa6 Nf6 31. b4 Ne4 32. b5 Qb3 33. Rb1 Qa2 34.
Ra1 Qxf2 35. Qxf2 Nxf2+ 36. Kg2 Nxd1 37. Rxd1 Rxe3 38. Rd6 Rc2+ 39. Kf1 Rxa3
0-1

[Event "Europa ch Femenino 2013"]
[Site "Belgrado SER"]
[Date "2013.07.27"]
[Round "5.42"]
[White "Drljevic, Ljilja"]
[Black "Kochetkova, Julia"]
[Result "1/2-1/2"]
[WhiteElo "2187"]
[BlackElo "2328"]
[PlyCount "121"]
[EventDate "2013.07.23"]
[EventType "swiss"]
[EventRounds "11"]
[EventCountry "SER"]
[Source "lmi"]
[SourceDate "2013.07.22"]

1. e4 c5 2. Nf3 Nc6 3. d3 Nf6 4. g3 d5 5. exd5 Nxd5 6. Bg2 g6 7. O-O Bg7 8.
Nbd2 O-O 9. Re1 h6 10. Nc4 e6 11. Nce5 Nd4 12. c3 Nf5 13. Bd2 Kh7 14. Qb3 f6
15. Nc4 e5 16. Rad1 Nb6 17. Na5 Qc7 18. Bc1 Bd7 19. Nxb7 Rab8 20. Na5 Ba4 21.
Qa3 Bxd1 22. Rxd1 Rf7 23. d4 cxd4 24. cxd4 Rd8 25. Be3 Nxe3 26. Qxe3 Qc2 27.
Rc1 Qxb2 28. dxe5 fxe5 29. Nc6 Rd3 30. Qxd3 Qxc1+ 31. Qf1 Qxf1+ 32. Kxf1 Nc4
33. Ke2 e4 34. Ne1 Nd6 35. Nd8 Rd7 36. Ne6 Rb7 37. Nc2 Rb2 38. Kd1 Rxa2 39. Nc5
Rb2 40. Nxe4 Nb5 41. Kc1 Ra2 42. h4 a5 43. Nc5 Nc3 44. Bf1 Bf8 45. Nd7 Ba3+ 46.
Nxa3 Ra1+ 47. Kb2 Rxf1 48. Kxc3 Rxf2 49. Ne5 h5 50. g4 hxg4 51. Nxg4 Rf3+ 52.
Kb2 Rf4 53. Ne5 Rxh4 54. Nac4 Re4 55. Kc3 g5 56. Kd3 Rf4 57. Nxa5 Kh6 58. Nac4
g4 59. Ne3 g3 60. Ng2 Rf2 61. Ng4+ 1/2-1/2

[Event "Europa ch Femenino 2013"]
[Site "Belgrado SER"]
[Date "2013.07.27"]
[Round "5.43"]
[White "Galojan, Lilit"]
[Black "Gavasheli, Ana"]
[Result "1/2-1/2"]
[WhiteElo "2320"]
[BlackElo "2170"]
[PlyCount "105"]
[EventDate "2013.07.23"]
[EventType "swiss"]
[EventRounds "11"]
[EventCountry "SER"]
[Source "lmi"]
[SourceDate "2013.07.22"]

1. c4 c5 2. Nf3 Nf6 3. Nc3 Nc6 4. d4 cxd4 5. Nxd4 d6 6. g3 g6 7. Bg2 Nxd4 8.
Qxd4 Bg7 9. O-O O-O 10. Qd3 Rb8 11. Bg5 Be6 12. b3 Qd7 13. Rfd1 Bh3 14. Rac1
Bxg2 15. Kxg2 b6 16. f3 h6 17. Be3 Qb7 18. Bd4 h5 19. Qb1 Rfe8 20. h3 Rbd8 21.
Bf2 Bh6 22. Rc2 d5 23. Nxd5 Nxd5 24. cxd5 Rxd5 25. Rxd5 Qxd5 26. Rc7 e5 27. Qd3
Qxd3 28. exd3 Rd8 29. Rxa7 Rxd3 30. Bxb6 Rd2+ 31. Kf1 Rd3 32. Kg2 Rd2+ 33. Kf1
Rd3 34. Kf2 Rd2+ 35. Ke1 Rd3 36. Ke2 Rd2+ 37. Ke1 Rd3 38. b4 Rxf3 39. Bf2 Rc3
40. b5 Rc1+ 41. Ke2 Rc2+ 42. Kf1 Rc1+ 43. Ke2 Rc2+ 44. Kf1 Rc1+ 45. Kg2 Rc2 46.
Ra3 Bf8 47. Ra8 Kg7 48. Kf1 Rc1+ 49. Ke2 Rc2+ 50. Ke1 Bb4+ 51. Kf1 Rc1+ 52. Ke2
Rc2+ 53. Kf3 1/2-1/2

[Event "Europa ch Femenino 2013"]
[Site "Belgrado SER"]
[Date "2013.07.27"]
[Round "5.44"]
[White "Mikadze, Miranda"]
[Black "Vega Gutierrez, Belinda"]
[Result "1-0"]
[WhiteElo "2314"]
[BlackElo "2148"]
[PlyCount "67"]
[EventDate "2013.07.23"]
[EventType "swiss"]
[EventRounds "11"]
[EventCountry "SER"]
[Source "lmi"]
[SourceDate "2013.07.22"]

1. d4 d5 2. Nf3 Nf6 3. Bf4 c5 4. e3 Nc6 5. dxc5 e6 6. c4 Bxc5 7. Nc3 O-O 8. Be2
d4 9. exd4 Nxd4 10. O-O Nh5 11. Be3 Nxe2+ 12. Qxe2 Bxe3 13. Qxe3 Qc7 14. Ne5 f6
15. Nd3 Qxc4 16. f4 g6 17. Rac1 Ng7 18. Ne4 Nf5 19. Qe2 Qd4+ 20. Ndf2 Qe3 21.
Qc4 Bd7 22. Nc5 Rac8 23. Rc3 Qd4 24. Qxd4 Nxd4 25. Nxd7 Ne2+ 26. Kh1 Nxc3 27.
Nxf8 Ne2 28. Nxe6 Kf7 29. Re1 Rc2 30. Nd8+ Kf8 31. Nd1 Rd2 32. Ne6+ Kf7 33. Nc3
Nd4 34. Nxd4 1-0

[Event "Europa ch Femenino 2013"]
[Site "Belgrado SER"]
[Date "2013.07.27"]
[Round "5.45"]
[White "Ibrahimova, Sabina"]
[Black "Tarasova, Viktoriya"]
[Result "1/2-1/2"]
[WhiteElo "2168"]
[BlackElo "2300"]
[PlyCount "100"]
[EventDate "2013.07.23"]
[EventType "swiss"]
[EventRounds "11"]
[EventCountry "SER"]
[Source "lmi"]
[SourceDate "2013.07.22"]

1. e4 e5 2. Nf3 Nc6 3. Bc4 Bc5 4. c3 Nf6 5. d3 d6 6. Nbd2 O-O 7. h3 Ne7 8. O-O
Ng6 9. d4 Bb6 10. Bb3 c6 11. Re1 h6 12. Nf1 Re8 13. Ng3 Qc7 14. Bc2 Be6 15. Be3
Rad8 16. a4 Qc8 17. Kh2 Bc7 18. Qc1 Kh7 19. a5 a6 20. Rd1 Bd7 21. c4 exd4 22.
Bxd4 Ne5 23. Nxe5 dxe5 24. Be3 Be6 25. b3 Rxd1 26. Qxd1 Qd8 27. Qe1 g6 28. Qb4
Bc8 29. Qc3 Nd7 30. b4 Nf8 31. Rd1 Qf6 32. Ne2 Ne6 33. Kg1 Kg7 34. Bc1 Rd8 35.
Rxd8 Qxd8 36. Bb2 c5 37. bxc5 f6 38. Qe3 Bxa5 39. Bc1 g5 40. Ba4 Nd4 41. Bb2
Nxe2+ 42. Qxe2 Bd7 43. Qd1 Bxa4 44. Qxa4 Qc7 45. Ba3 Bc3 46. Qe8 Qc6 47. Qe7+
Kg8 48. Qd8+ Kg7 49. Qe7+ Kg8 50. Qd8+ Kg7 1/2-1/2

[Event "Europa ch Femenino 2013"]
[Site "Belgrado SER"]
[Date "2013.07.27"]
[Round "5.46"]
[White "Molchanova, Tatjana"]
[Black "Cherednichenko, Elena"]
[Result "1-0"]
[WhiteElo "2296"]
[BlackElo "2167"]
[PlyCount "133"]
[EventDate "2013.07.23"]
[EventType "swiss"]
[EventRounds "11"]
[EventCountry "SER"]
[Source "lmi"]
[SourceDate "2013.07.22"]

1. c4 Nf6 2. Nc3 e6 3. e4 d6 4. g3 Be7 5. Bg2 c5 6. Nge2 Nc6 7. d4 e5 8. d5 Nd4
9. O-O O-O 10. h3 Nd7 11. f4 Nxe2+ 12. Qxe2 exf4 13. Bxf4 Qb6 14. a4 a6 15. a5
Qc7 16. Nd1 Bf6 17. Nf2 Bd4 18. Kh2 Ne5 19. Bxe5 Bxe5 20. Nd3 Qe7 21. Qd2 Bd7
22. Rac1 Rac8 23. Nxe5 Qxe5 24. Rc3 Rce8 25. Rb3 Bc8 26. Rb6 Rd8 27. Qf4 Qe7
28. g4 f6 29. Rc1 Qe5 30. Qxe5 fxe5 31. Kg3 Rf7 32. Bf3 g5 33. Rc3 Rc7 34. Be2
Kf7 35. Rf3+ Kg7 36. Rc3 Kf7 37. Bd1 Kg7 38. Rc2 h6 39. Bf3 Kf7 40. Bd1 Kg7 41.
Rf2 Rf7 42. Rxf7+ Kxf7 43. b4 cxb4 44. Rxb4 Rd7 45. c5 dxc5 46. Rb6 Rc7 47. Ba4
Kf8 48. Rxh6 Kg7 49. Rb6 c4 50. d6 Rf7 51. Be8 c3 52. Rb3 Rf8 53. Ba4 c2 54.
Rc3 Rd8 55. Rxc2 Be6 56. Rc7+ Kf6 57. d7 Ke7 58. Rxb7 Bc4 59. Rc7 Bd3 60. Bc6
Bf1 61. Rc8 Bd3 62. Rxd8 Kxd8 63. h4 Bc4 64. hxg5 Bf7 65. g6 Bxg6 66. Kh4 Ke7
67. Kg5 1-0

[Event "Europa ch Femenino 2013"]
[Site "Belgrado SER"]
[Date "2013.07.27"]
[Round "5.47"]
[White "Voicu-Jagodzinsky, Carmen"]
[Black "Bokuchava, Madona"]
[Result "1-0"]
[WhiteElo "2296"]
[BlackElo "2109"]
[PlyCount "111"]
[EventDate "2013.07.23"]
[EventType "swiss"]
[EventRounds "11"]
[EventCountry "SER"]
[Source "lmi"]
[SourceDate "2013.07.22"]

1. e4 c5 2. Nf3 Nc6 3. d4 cxd4 4. Nxd4 g6 5. c4 Bg7 6. Nc2 d6 7. Be2 Nf6 8. Nc3
Nd7 9. Bd2 O-O 10. O-O Nc5 11. b4 Bxc3 12. Bxc3 Nxe4 13. Bb2 e5 14. Qe1 a6 15.
Rd1 Ng5 16. f4 Ne6 17. fxe5 Qb6+ 18. Kh1 dxe5 19. Bf3 f6 20. Bc3 Ncd4 21. Nxd4
exd4 22. c5 Qc7 23. Bxd4 Nxd4 24. Rxd4 Bf5 25. Qc3 Rae8 26. Rd6 Re5 27. h3 Qe7
28. Rb6 Bc8 29. Qd4 Kg7 30. Rd6 Re1 31. Rxe1 Qxe1+ 32. Kh2 Qe5+ 33. Qxe5 fxe5
34. Kg3 Kh6 35. Bd5 Re8 36. Kf3 Kg5 37. a4 Rf8+ 38. Ke3 Re8 39. b5 axb5 40.
axb5 Kh4 41. b6 Kg5 42. Be4 Rf8 43. Rd1 Re8 44. Rf1 Re7 45. Rf8 Bf5 46. c6 Bxe4
47. c7 Bf5 48. Rxf5+ gxf5 49. c8=Q Kf6 50. g4 fxg4 51. hxg4 e4 52. Qf5+ Kg7 53.
g5 Kg8 54. Qf6 Re8 55. Qd6 Kf7 56. Qd5+ 1-0

[Event "Europa ch Femenino 2013"]
[Site "Belgrado SER"]
[Date "2013.07.27"]
[Round "5.48"]
[White "Nikoladze, Sopio"]
[Black "Rakic, Marija"]
[Result "0-1"]
[WhiteElo "2163"]
[BlackElo "2294"]
[PlyCount "76"]
[EventDate "2013.07.23"]
[EventType "swiss"]
[EventRounds "11"]
[EventCountry "SER"]
[Source "lmi"]
[SourceDate "2013.07.22"]

1. d4 Nf6 2. Nf3 g6 3. g3 Bg7 4. Bg2 O-O 5. O-O d6 6. c4 c6 7. Nc3 Qa5 8. h3
Be6 9. Qd3 Qa6 10. b3 d5 11. c5 Qxd3 12. exd3 Nfd7 13. Bb2 b6 14. cxb6 axb6 15.
Ne2 Bf5 16. Rfd1 Nc5 17. Nf4 h5 18. Ne5 Ne6 19. Ne2 f6 20. Nf3 g5 21. h4 Na6
22. a3 c5 23. hxg5 fxg5 24. Ne5 Bxe5 25. dxe5 Rad8 26. Rd2 Bg4 27. Re1 Bf3 28.
Bxf3 Rxf3 29. Kg2 Rdf8 30. Ng1 R3f5 31. f3 d4 32. Re4 Nac7 33. Kh1 Kg7 34. Rh2
Kg6 35. Bc1 Nd5 36. Bb2 R5f7 37. Kg2 Ne3+ 38. Kf2 Ng4+ 0-1

[Event "Europa ch Femenino 2013"]
[Site "Belgrado SER"]
[Date "2013.07.27"]
[Round "5.49"]
[White "Vrabic, Anita"]
[Black "Zakurdjaeva, Irina"]
[Result "1-0"]
[WhiteElo "2112"]
[BlackElo "2291"]
[PlyCount "97"]
[EventDate "2013.07.23"]
[EventType "swiss"]
[EventRounds "11"]
[EventCountry "SER"]
[Source "lmi"]
[SourceDate "2013.07.22"]

1. e4 c5 2. Nf3 e6 3. d4 cxd4 4. Nxd4 a6 5. Nd2 Nc6 6. Nxc6 bxc6 7. e5 Qa5 8.
f4 d5 9. exd6 Bxd6 10. Qf3 Bb7 11. c3 Be7 12. Bc4 Qb6 13. Qe2 Nf6 14. Nf3 O-O
15. Be3 c5 16. O-O Nd5 17. Bc1 Bf6 18. Ne5 Qc7 19. Bd2 Nb6 20. Bb3 a5 21. c4
Bxe5 22. fxe5 Rfd8 23. Bc3 Qc6 24. Bc2 Rd7 25. b3 a4 26. Rae1 g6 27. Rf2 axb3
28. axb3 Ra2 29. Ra1 Rxa1+ 30. Bxa1 Nc8 31. Bc3 Qb6 32. Qe3 Qc6 33. h4 Ne7 34.
h5 Nf5 35. Qg5 h6 36. Qf6 Kh7 37. hxg6+ fxg6 38. Kh2 Rg7 39. Rf3 Nd4 40. Bxd4
cxd4 41. Rg3 Qe8 42. Rg4 h5 43. Rh4 Qd7 44. Rxh5+ Kg8 45. Rh3 g5 46. Qh6 g4 47.
Qh8+ Kf7 48. Rh6 g3+ 49. Kg1 1-0

[Event "Europa ch Femenino 2013"]
[Site "Belgrado SER"]
[Date "2013.07.27"]
[Round "5.50"]
[White "Schut, Lisa"]
[Black "Petrovic, Marija"]
[Result "1-0"]
[WhiteElo "2277"]
[BlackElo "2104"]
[PlyCount "105"]
[EventDate "2013.07.23"]
[EventType "swiss"]
[EventRounds "11"]
[EventCountry "SER"]
[Source "lmi"]
[SourceDate "2013.07.22"]

1. e4 d5 2. exd5 Qxd5 3. Nc3 Qd6 4. d4 Nf6 5. Nf3 a6 6. g3 b5 7. Bf4 Qe6+ 8.
Qe2 Qxe2+ 9. Bxe2 Ra7 10. O-O-O Nbd7 11. Ne5 Bb7 12. Rhe1 e6 13. Bf3 Bxf3 14.
Nxf3 b4 15. Ne4 Nxe4 16. Rxe4 Nf6 17. Re2 Nd5 18. Nd2 Be7 19. Nc4 a5 20. Bd2
O-O 21. h4 h6 22. Ne5 Ra6 23. c4 bxc3 24. bxc3 Rb8 25. Kc2 a4 26. c4 Nf6 27.
Bc3 Bd6 28. Nd3 Bf8 29. Ree1 Nd7 30. Rb1 Rxb1 31. Rxb1 Nb6 32. c5 Nd5 33. Rb8
f6 34. Nb4 Nxb4+ 35. Bxb4 Kf7 36. Kc3 Ra7 37. c6 Bxb4+ 38. Kxb4 Ke7 39. Kb5 Kd6
40. Rd8+ Ke7 41. Rg8 g5 42. Rg7+ Kf8 43. Rh7 gxh4 44. gxh4 a3 45. h5 Kg8 46.
Rxh6 Kg7 47. Rg6+ Kf7 48. Rg1 Ra8 49. h6 Rb8+ 50. Kc5 Rc8 51. Rg7+ Kf8 52. Rd7
Kg8 53. Re7 1-0

[Event "Europa ch Femenino 2013"]
[Site "Belgrado SER"]
[Date "2013.07.27"]
[Round "5.51"]
[White "Dolzhikova, Olga"]
[Black "Coimbra, Margarida"]
[Result "1/2-1/2"]
[WhiteElo "2244"]
[BlackElo "2093"]
[PlyCount "106"]
[EventDate "2013.07.23"]
[EventType "swiss"]
[EventRounds "11"]
[EventCountry "SER"]
[Source "lmi"]
[SourceDate "2013.07.22"]

1. e4 e5 2. Nf3 Nc6 3. Bc4 Bc5 4. c3 Nf6 5. d3 d6 6. Bb3 Bb6 7. Nbd2 Ne7 8. Nf1
Ng6 9. Ng3 O-O 10. O-O c6 11. h3 h6 12. d4 Re8 13. Re1 d5 14. Nxe5 Nxe5 15.
dxe5 Rxe5 16. Bf4 Re8 17. e5 Bc7 18. exf6 Rxe1+ 19. Qxe1 Bxf4 20. Nh5 Bg5 21.
f4 Bxf6 22. Nxf6+ gxf6 23. Qg3+ Kh7 24. Bc2+ f5 25. Kh2 Qf6 26. Re1 Bd7 27. Re5
h5 28. Qf3 Qg6 29. g4 hxg4 30. hxg4 Qh6+ 31. Kg3 Kg7 32. Bxf5 Rh8 33. Qg2 Bxf5
34. Rxf5 Qh4+ 35. Kf3 Qh3+ 36. Qxh3 Rxh3+ 37. Kg2 Rd3 38. Rg5+ Kf6 39. Rf5+ Kg7
40. Rg5+ Kf8 41. Rh5 Rd2+ 42. Kg3 Rxb2 43. f5 Kg7 44. g5 Rxa2 45. Rh6 Ra3 46.
Rd6 Rxc3+ 47. Kg4 Rc4+ 48. Kh5 Rc1 49. Rd7 Rh1+ 50. Kg4 Rg1+ 51. Kf4 Rf1+ 52.
Kg4 Rg1+ 53. Kf4 Rf1+ 1/2-1/2

[Event "Europa ch Femenino 2013"]
[Site "Belgrado SER"]
[Date "2013.07.27"]
[Round "5.52"]
[White "Gueci, Tea"]
[Black "Stjazhkina, Olga"]
[Result "1-0"]
[WhiteElo "2018"]
[BlackElo "2243"]
[PlyCount "57"]
[EventDate "2013.07.23"]
[EventType "swiss"]
[EventRounds "11"]
[EventCountry "SER"]
[Source "lmi"]
[SourceDate "2013.07.22"]

1. e4 e5 2. Nf3 Nc6 3. d4 exd4 4. Nxd4 Bc5 5. Be3 Qf6 6. c3 Nge7 7. g3 h5 8. h3
h4 9. g4 Ng6 10. Qd2 Nge5 11. Be2 Bxd4 12. cxd4 Nf3+ 13. Bxf3 Qxf3 14. Rh2 Qxe4
15. Nc3 Qe7 16. O-O-O Kf8 17. f4 d6 18. f5 f6 19. Rf2 Nd8 20. g5 Nf7 21. gxf6
gxf6 22. Nd5 Qd8 23. Rg1 c6 24. Nf4 Bxf5 25. Ng6+ Bxg6 26. Rxg6 Qd7 27. Rgxf6
Rh7 28. Qd3 Kg8 29. Qxh7+ 1-0

[Event "Europa ch Femenino 2013"]
[Site "Belgrado SER"]
[Date "2013.07.27"]
[Round "5.53"]
[White "Nonkovic, Bogdana"]
[Black "Sandu, Mihaela"]
[Result "0-1"]
[WhiteElo "2081"]
[BlackElo "2237"]
[PlyCount "98"]
[EventDate "2013.07.23"]
[EventType "swiss"]
[EventRounds "11"]
[EventCountry "SER"]
[Source "lmi"]
[SourceDate "2013.07.22"]

1. Nf3 Nf6 2. c4 g6 3. g3 Bg7 4. Bg2 d6 5. d4 O-O 6. O-O Nc6 7. d5 Na5 8. Nfd2
c5 9. a3 Nd7 10. Ra2 Ne5 11. b3 a6 12. Bb2 b5 13. cxb5 axb5 14. b4 Nb7 15. Qb3
Qb6 16. Nf3 Bg4 17. Nbd2 Rfc8 18. Nxe5 dxe5 19. Qe3 Qc7 20. Rc1 c4 21. Bc3 Ra4
22. Raa1 Bf5 23. h3 h5 24. Nf3 f6 25. Nh4 Nd6 26. g4 hxg4 27. hxg4 Bxg4 28.
Nxg6 Kh7 29. Nxe5 fxe5 30. Be4+ Kg8 31. Kg2 Nxe4 32. Qxe4 Qd7 33. Bxe5 Qf5 34.
Qxf5 Bxf5 35. Bxg7 Kxg7 36. Kf3 Kf6 37. e4 Bg6 38. Ke3 e5 39. Ra2 Rca8 40. Rca1
R4a6 41. f3 Ke7 42. Ke2 Rf8 43. a4 Bh5 44. axb5 Rxa2+ 45. Rxa2 Rxf3 46. Ra7+
Kd6 47. Ra6+ Kd7 48. Rh6 Rh3+ 49. Kd2 c3+ 0-1

[Event "Europa ch Femenino 2013"]
[Site "Belgrado SER"]
[Date "2013.07.27"]
[Round "5.54"]
[White "Mamedjarova, Turkan"]
[Black "Egorova, Ayyyna"]
[Result "1-0"]
[WhiteElo "2267"]
[BlackElo "1991"]
[PlyCount "63"]
[EventDate "2013.07.23"]
[EventType "swiss"]
[EventRounds "11"]
[EventCountry "SER"]
[Source "lmi"]
[SourceDate "2013.07.22"]

1. e4 c5 2. c3 Nf6 3. e5 Nd5 4. d4 cxd4 5. Nf3 Nc6 6. cxd4 d6 7. Bc4 Nb6 8. Bb3
dxe5 9. d5 Nd4 10. Nxd4 exd4 11. Qxd4 e6 12. Nc3 Qf6 13. Qxf6 gxf6 14. O-O Bd7
15. Re1 e5 16. Ne4 Be7 17. d6 f5 18. Ng5 Bf6 19. Nxf7 Rf8 20. Nxe5 O-O-O 21.
Bf4 Kb8 22. Rac1 Rc8 23. Nxd7+ Nxd7 24. Rc7 Rfe8 25. Rxc8+ Rxc8 26. Be6 Re8 27.
Kf1 Kc8 28. Rc1+ Kd8 29. Bxd7 Kxd7 30. Rc7+ Kd8 31. Rxb7 Re4 32. g3 1-0

[Event "Europa ch Femenino 2013"]
[Site "Belgrado SER"]
[Date "2013.07.27"]
[Round "5.56"]
[White "Abdulla, Khayala"]
[Black "Novkovic, Julia"]
[Result "1/2-1/2"]
[WhiteElo "2241"]
[BlackElo "2102"]
[PlyCount "161"]
[EventDate "2013.07.23"]
[EventType "swiss"]
[EventRounds "11"]
[EventCountry "SER"]
[Source "lmi"]
[SourceDate "2013.07.22"]

1. e4 e5 2. Nf3 Nc6 3. Bb5 a6 4. Ba4 Nf6 5. d3 d6 6. c3 g6 7. O-O Bg7 8. Re1
O-O 9. Bg5 h6 10. Bh4 b5 11. Bc2 Nb8 12. a4 Bb7 13. axb5 axb5 14. Rxa8 Bxa8 15.
Na3 c6 16. d4 Qc7 17. Qd2 Nbd7 18. Rd1 Re8 19. dxe5 dxe5 20. b4 Qa7 21. Qc1 Bb7
22. c4 Ra8 23. Nb1 bxc4 24. Bxf6 Nxf6 25. Nxe5 Re8 26. Nxc4 Nxe4 27. Qf4 Nf6
28. Nd6 Qb8 29. Qc4 Re6 30. Nxb7 Qxb7 31. Nd2 Qe7 32. Nf3 Ne4 33. Nd4 Nd2 34.
Qxe6 fxe6 35. Rxd2 Qxb4 36. Nf3 c5 37. Bxg6 Bd4 38. Rd1 e5 39. h4 Qb6 40. Be4
Qb2 41. Rd2 Qc1+ 42. Kh2 Kg7 43. g3 Bxf2 44. Kg2 Bd4 45. Bc2 c4 46. Re2 Kf6 47.
Ne1 Ke6 48. Nf3 Kd6 49. Ne1 Qa3 50. Nf3 Qa5 51. Ne1 Kc5 52. Nf3 Kb4 53. Ne1 Kc3
54. Be4 Qa1 55. Nf3 Qd1 56. Re1 Qa4 57. Re2 Qa7 58. Bc2 Qg7 59. Be4 Kb4 60. Bc2
Qb7 61. Be4 Qc7 62. Bc2 Qc6 63. Be4 Qd6 64. Bc2 c3 65. Ne1 Qf6 66. Be4 Qa6 67.
Bd3 Qa8+ 68. Be4 Qg8 69. Bc2 Qg7 70. Be4 Ka3 71. Nc2+ Kb3 72. Ne1 Qf6 73. Bd5+
Ka4 74. Be4 Kb5 75. Bd3+ Kc5 76. Be4 Qa6 77. Bd3 Qa1 78. Bc2 Kd6 79. Nf3 Qc1
80. Ne1 Be3 81. Nf3 1/2-1/2

[Event "Europa ch Femenino 2013"]
[Site "Belgrado SER"]
[Date "2013.07.27"]
[Round "5.57"]
[White "Bejatovic, Bojana"]
[Black "Eric, Jovana"]
[Result "0-1"]
[WhiteElo "2002"]
[BlackElo "2223"]
[PlyCount "74"]
[EventDate "2013.07.23"]
[EventType "swiss"]
[EventRounds "11"]
[EventCountry "SER"]
[Source "lmi"]
[SourceDate "2013.07.22"]

1. d4 d5 2. Nf3 c6 3. e3 Nf6 4. Bd3 Bg4 5. Nbd2 e6 6. b3 Nbd7 7. Bb2 a5 8. a4
Bd6 9. O-O O-O 10. c4 Bb4 11. Qc2 Bh5 12. Ne5 Rc8 13. f4 Bg6 14. Nxg6 hxg6 15.
Nf3 c5 16. Qe2 b6 17. Rac1 Qe7 18. Ne5 Ne4 19. Bxe4 dxe4 20. d5 Nb8 21. Qc2
exd5 22. cxd5 Rfd8 23. Rfd1 c4 24. Nxc4 Bc5 25. Qe2 Qb7 26. Qd2 Na6 27. d6 Nb4
28. d7 Rc7 29. Qc3 f6 30. Na3 Nd5 31. Rxd5 Qxd5 32. Nb5 Rcxd7 33. Re1 Bb4 34.
Qc1 Bxe1 35. Qxe1 Qd1 36. Bc3 Qxe1+ 37. Bxe1 Rd3 0-1

[Event "Europa ch Femenino 2013"]
[Site "Belgrado SER"]
[Date "2013.07.27"]
[Round "5.58"]
[White "Hairapetian, Anna"]
[Black "Kruljac, Petra"]
[Result "1-0"]
[WhiteElo "2214"]
[BlackElo "2092"]
[PlyCount "65"]
[EventDate "2013.07.23"]
[EventType "swiss"]
[EventRounds "11"]
[EventCountry "SER"]
[Source "lmi"]
[SourceDate "2013.07.22"]

1. e4 e6 2. d4 d5 3. Nc3 Bb4 4. e5 c5 5. a3 Bxc3+ 6. bxc3 Ne7 7. a4 b6 8. Nf3
Ba6 9. Bxa6 Nxa6 10. O-O Nb8 11. Qd3 Nd7 12. Re1 Qc7 13. Ba3 h6 14. Nh4 g5 15.
Nf3 Rc8 16. c4 dxc4 17. Qxc4 Nd5 18. dxc5 Nxc5 19. h4 gxh4 20. Qxh4 Qe7 21. Qd4
Qb7 22. Rab1 Qc6 23. c4 Ne7 24. Red1 Nf5 25. Qf4 Rg8 26. Bxc5 bxc5 27. g3 h5
28. Rd3 Rg4 29. Qd2 h4 30. Rd1 Kf8 31. Nxh4 Nxh4 32. Qh6+ Rg7 33. Rd8+ 1-0

[Event "Europa ch Femenino 2013"]
[Site "Belgrado SER"]
[Date "2013.07.27"]
[Round "5.59"]
[White "Pavlidou, Ekaterini"]
[Black "Miladinovic, Lena"]
[Result "1-0"]
[WhiteElo "2210"]
[BlackElo "2083"]
[PlyCount "57"]
[EventDate "2013.07.23"]
[EventType "swiss"]
[EventRounds "11"]
[EventCountry "SER"]
[Source "lmi"]
[SourceDate "2013.07.22"]

1. d4 Nf6 2. c4 e6 3. Nf3 Bb4+ 4. Bd2 Qe7 5. g3 Bxd2+ 6. Nbxd2 d6 7. Bg2 O-O 8.
O-O e5 9. e4 a5 10. Qc2 Bg4 11. h3 Bd7 12. d5 c6 13. Rac1 cxd5 14. exd5 Na6 15.
Nh4 g6 16. Qc3 Nc5 17. Rce1 Qd8 18. Nb3 Na4 19. Qd2 Qb6 20. Kh2 Nh5 21. f4 f6
22. fxe5 fxe5 23. Qh6 Ng7 24. g4 Nc5 25. Nxc5 Qxc5 26. Nf3 Rxf3 27. Rxf3 Rf8
28. Rxf8+ Kxf8 29. Qxh7 1-0

[Event "Europa ch Femenino 2013"]
[Site "Belgrado SER"]
[Date "2013.07.27"]
[Round "5.60"]
[White "Stetsko, Lanita"]
[Black "Korchagina, Viktoria"]
[Result "1-0"]
[WhiteElo "2209"]
[BlackElo "2068"]
[PlyCount "97"]
[EventDate "2013.07.23"]
[EventType "swiss"]
[EventRounds "11"]
[EventCountry "SER"]
[Source "lmi"]
[SourceDate "2013.07.22"]

1. e4 c5 2. Nf3 d6 3. d4 cxd4 4. Nxd4 Nf6 5. Nc3 a6 6. Be3 e5 7. Nf3 h6 8. Bc4
Nc6 9. O-O Be7 10. Bb3 O-O 11. Re1 Na5 12. Bd5 Nxd5 13. Nxd5 Nc4 14. Qd3 Nxe3
15. Nxe3 Be6 16. Red1 Qc8 17. c4 f5 18. Nd5 Bxd5 19. Qxd5+ Kh8 20. Re1 b6 21.
b4 a5 22. c5 bxc5 23. bxc5 fxe4 24. Rxe4 dxc5 25. Rc1 Rd8 26. Qf7 Bf6 27. h4
Qf5 28. Rxe5 Qf4 29. Rexc5 Rf8 30. Qc4 Qxc4 31. R1xc4 Rfb8 32. Ra4 Rb1+ 33. Kh2
Bd8 34. Rc2 Rab8 35. Kg3 R1b2 36. Rxb2 Rxb2 37. Ne5 Bc7 38. f4 Bxe5 39. fxe5
Rb5 40. Kf4 Kg8 41. g4 Kf7 42. Rc4 g6 43. h5 gxh5 44. gxh5 Rb2 45. a4 Rf2+ 46.
Ke4 Re2+ 47. Kd5 Rd2+ 48. Rd4 Rh2 49. Kd6 1-0

[Event "Europa ch Femenino 2013"]
[Site "Belgrado SER"]
[Date "2013.07.27"]
[Round "5.61"]
[White "Srebrnic, Ana"]
[Black "Blagojevic, Tijana"]
[Result "1/2-1/2"]
[WhiteElo "2203"]
[BlackElo "2058"]
[PlyCount "43"]
[EventDate "2013.07.23"]
[EventType "swiss"]
[EventRounds "11"]
[EventCountry "SER"]
[Source "lmi"]
[SourceDate "2013.07.22"]

1. d4 d5 2. c4 c6 3. Nf3 Nf6 4. Qc2 dxc4 5. Qxc4 Bf5 6. g3 e6 7. Bg2 Nbd7 8.
O-O Be4 9. Nc3 Nb6 10. Qb3 Bxf3 11. Bxf3 Qxd4 12. Rd1 Qc4 13. Qc2 e5 14. b3 Qe6
15. Ne4 Nxe4 16. Bxe4 g6 17. Bb2 Bg7 18. Ba3 Bf8 19. Bb2 Bg7 20. Ba3 Bf8 21.
Bb2 Bg7 22. Ba3 1/2-1/2

[Event "Europa ch Femenino 2013"]
[Site "Belgrado SER"]
[Date "2013.07.27"]
[Round "5.62"]
[White "Baraeva, Marina"]
[Black "Milutinovic, Stefana"]
[Result "1-0"]
[WhiteElo "2185"]
[BlackElo "2035"]
[PlyCount "73"]
[EventDate "2013.07.23"]
[EventType "swiss"]
[EventRounds "11"]
[EventCountry "SER"]
[Source "lmi"]
[SourceDate "2013.07.22"]

1. d4 Nf6 2. c4 c5 3. Nf3 e6 4. Nc3 cxd4 5. Nxd4 Nc6 6. e4 Bb4 7. Nxc6 bxc6 8.
Bd3 e5 9. Qc2 d6 10. a3 Bc5 11. b4 Bd4 12. Rb1 O-O 13. O-O Bb7 14. Ne2 Bb6 15.
c5 Bc7 16. cxd6 Bxd6 17. Rd1 Qc7 18. Nc3 Rfd8 19. Na4 a5 20. Be3 Nd7 21. Rdc1
axb4 22. axb4 Rdc8 23. Be2 Ba6 24. Bg4 Bb5 25. Nc3 Rab8 26. Nxb5 Rxb5 27. Qd3
Rd8 28. Bg5 f6 29. Qc4+ Kf8 30. Be3 Nb8 31. Bf5 Qf7 32. Be6 Qb7 33. Bg8 Bxb4
34. Rxb4 Na6 35. Rxb5 cxb5 36. Qb3 Qxe4 37. Qf7# 1-0